| 000 | 00830nam a2200241Ia 4500 | ||
|---|---|---|---|
| 003 | GCL | ||
| 008 | 140319s9999 xx 000 0 ara d | ||
| 020 | _a7045091977 | ||
| 040 |
_aGCL / _cGCL |
||
| 082 | 0 | 4 |
_aق _b953.09 _bر م |
| 100 | 1 | _aريمون، اندرية | |
| 245 | 1 | 0 |
_aالمدن العربية الكبرى فى العصر العثمانى / _cريمون، اندرية |
| 700 | 1 | _aلطيف فرج (مترجم) | |
| 260 |
_aالقاهرة : _bدار الفكر للدراسات والنشر والتوزيع ، _c1991 |
||
| 300 |
_aمج2(288) ص ؛ _c24 سم |
||
| 490 | _a | ||
| 650 | 0 | 4 | _aمصر |
| 650 | 0 | 4 | _aالاحوال الاقتصادية |
| 650 | 0 | 4 | _aالتخطيط |
| 650 | 0 | 4 | _aالمدن |
| 650 | 0 | 4 | _aالعالم العربى - تاريخ - العصر العثمانى |
| 942 |
_2ddc _cBK |
||
| 999 |
_c52382 _d52382 |
||